<?xml version="1.0" encoding="UTF-8"?>
<record
    xmlns:xsi="http://www.w3.org/2001/XMLSchema-instance"
    xsi:schemaLocation="http://www.loc.gov/MARC21/slim http://www.loc.gov/standards/marcxml/schema/MARC21slim.xsd"
    xmlns="http://www.loc.gov/MARC21/slim">

  <leader>05217nam a2200481Ia 4500</leader>
  <controlfield tag="001">dia_4632</controlfield>
  <controlfield tag="003">CHAP</controlfield>
  <controlfield tag="005">20241105113949.0</controlfield>
  <controlfield tag="007">ta</controlfield>
  <controlfield tag="008">220117s2010    mx abdefrm    001 0 spa d</controlfield>
  <datafield tag="010" ind1=" " ind2=" ">
    <subfield code="a">175308</subfield>
  </datafield>
  <datafield tag="040" ind1=" " ind2=" ">
    <subfield code="c">CHAP</subfield>
    <subfield code="a">mxchpua</subfield>
    <subfield code="e">rda</subfield>
  </datafield>
  <datafield tag="041" ind1="0" ind2=" ">
    <subfield code="a">spa</subfield>
    <subfield code="b">eng</subfield>
  </datafield>
  <datafield tag="090" ind1=" " ind2=" ">
    <subfield code="a">Tesis </subfield>
    <subfield code="b">T67 </subfield>
    <subfield code="c">2010</subfield>
  </datafield>
  <datafield tag="100" ind1="1" ind2=" ">
    <subfield code="a">Torres Clemente, Osvaldo</subfield>
  </datafield>
  <datafield tag="240" ind1="1" ind2="0">
    <subfield code="a">Feasibility study for technical-economic packing installation of a lychee (Litchi chinensis soon) in the municipality of Tamiahua, Veracruz.</subfield>
    <subfield code="l">Espa&#xF1;ol</subfield>
  </datafield>
  <datafield tag="245" ind1="1" ind2="0">
    <subfield code="a">Estudio de factibilidad t&#xE9;cnico-econ&#xF3;mico para la Instalaci&#xF3;n de una empacadora de linchi (Linchi chinencis soon) en el Municipio de Tamiahua, Veracruz /</subfield>
    <subfield code="c">Osvaldo Torres Clemente</subfield>
  </datafield>
  <datafield tag="264" ind1=" " ind2=" ">
    <subfield code="a">Chapingo, M&#xE9;xico :</subfield>
    <subfield code="b">El autor,</subfield>
    <subfield code="c">2010</subfield>
  </datafield>
  <datafield tag="300" ind1=" " ind2=" ">
    <subfield code="a">xiv, 89 hojas :</subfield>
    <subfield code="b">ilustraciones, mapas, gr&#xE1;ficas, diagramas, tablas, fotos, planos +</subfield>
    <subfield code="e">1 CD-ROM</subfield>
  </datafield>
  <datafield tag="336" ind1=" " ind2=" ">
    <subfield code="2">rdacontent</subfield>
    <subfield code="a">texto</subfield>
    <subfield code="b">txt</subfield>
  </datafield>
  <datafield tag="337" ind1=" " ind2=" ">
    <subfield code="2">rdamedia</subfield>
    <subfield code="a">no mediado</subfield>
    <subfield code="b">n</subfield>
  </datafield>
  <datafield tag="338" ind1=" " ind2=" ">
    <subfield code="2">rdacarrier</subfield>
    <subfield code="a">volumen</subfield>
    <subfield code="b">nc</subfield>
  </datafield>
  <datafield tag="500" ind1=" " ind2=" ">
    <subfield code="a">El CD contiene el reporte --
Los planos est&#xE1;n incluidos en el reporte</subfield>
  </datafield>
  <datafield tag="502" ind1=" " ind2=" ">
    <subfield code="a">Tesis </subfield>
    <subfield code="b">(Ingeniero Agroindustrial) --</subfield>
    <subfield code="c"> UACh. Departamento de Ingenieria Agroindustrial,</subfield>
    <subfield code="d">2010</subfield>
  </datafield>
  <datafield tag="504" ind1=" " ind2=" ">
    <subfield code="a">Bibliograf&#xED;a: hojas 76-79</subfield>
  </datafield>
  <datafield tag="505" ind1="0" ind2=" ">
    <subfield code="a">5 planos --
1. Plano corte transversal de la c&#xE1;mara frigor&#xED;fica --
2. Plano corte longitudinal de la c&#xE1;mara frigor&#xED;fica --
3. Plano de distribuci&#xF3;n de &#xE1;reas --
4. Plano de distribuci&#xF3;n de equipo --
5. Diagrama de recorrido</subfield>
  </datafield>
  <datafield tag="520" ind1="3" ind2=" ">
    <subfield code="a">El presente estudio tiene la finalidad de evaluar la factibilidad t&#xE9;cnico econ&#xF3;mico para el establecimiento de una empacadora de litchi, en el municipio de Tamihaua, Veracruz, con el objeto que &#xE9;sta pueda agregar valor a la producci&#xF3;n; mediante el acondicionamiento de la fruta para el mercado en fresco, y todos sus procesos necesarios para llevarlo hasta el consumidor con la calidad, presentaci&#xF3;n y servicios adecuados. Adem&#xE1;s se pretende aprovechar la materia prima de la regi&#xF3;n para evitar el coyotaje y a si mejorar los ingresos de los productores. La metodolog&#xED;a utilizada fue la propuesta por la SAGAR (1985), complementada con la propuesta de Ponce (2006), que comprende los siguientes aspectos: diagn&#xF3;stico del &#xE1;rea, mercado y materias primas, evaluaci&#xF3;n social y administrativa, el estudio t&#xE9;cnico y de ingenier&#xED;a, el an&#xE1;lisis financiero y evaluaci&#xF3;n del impacto ambiental. Para este proyecto se determin&#xF3; que es necesaria una inversi&#xF3;n de $ 10, 631,600.67 y tras analizar su comportamiento en un horizonte de 10 a&#xF1;os, los indicadores financieros obtenidos fueron: una Tasa Interna de Retorno (TIR) de 83.78%, con un Valor Actual Neto (VAN) de $17, 85,424.52 y una relaci&#xF3;n beneficio costo (B/C) 1.56. Se determin&#xF3; tambi&#xE9;n mediante un an&#xE1;lisis de sensibilidad que aun cuando el precio del producto disminuya, el valor de la TIR y la VAN, en la evaluaci&#xF3;n del proyecto siguen siendo aceptables. Finalmente se concluye que la instalaci&#xF3;n y puesta en marcha de este proyecto es t&#xE9;cnica, econ&#xF3;mica, social y
ambientalmente factible. --</subfield>
  </datafield>
  <datafield tag="520" ind1="3" ind2=" ">
    <subfield code="a">The present study aims to evaluate the technical and economic feasibility for the establishment of a litchi packing in the municipality of Tamihaua, Veracruz, in order that it can add value to production, by conditioning the fruit for market fresh, and all the processes needed to bring it to the consumer with quality, presentation and appropriate services. In addition it is intended to take the raw material of the region to avoid coyotaje and whether improving the incomes of producers. The methodology used was that proposed by the SAGAR (1985), supplemented with the proposed Ponce (2006), which comprises the following aspects: diagnosis of the area, and raw materials market, social and administrative assessment, the technical study and engineering financial analysis and environmental impact assessment. For this project it was determined that it is necessary an investment of $ 10, 631,600.67 Mexican pesos and after analyzing their behavior in a horizon of 10 years, the financial indicators were obtained: an Internal Rate of Return (IRR) of 83.78% with a Net Present Value (NPV) of $ 17, 85424.52 and a benefit cost (B / C) 1.56. Was determined by a sensitivity analysis that even if the product price decreases, the value of the TIR and VAN in the evaluation of the project is still acceptable. Finally you conclude that the installation and setting in march of this project is technically, economically, socially and environmentally feasible. </subfield>
  </datafield>
  <datafield tag="650" ind1="1" ind2="3">
    <subfield code="a">Litchis</subfield>
    <subfield code="2">atg</subfield>
    <subfield code="x">Planta empacadora</subfield>
  </datafield>
  <datafield tag="650" ind1="1" ind2="3">
    <subfield code="a">Iniciativa empresarial</subfield>
    <subfield code="z">M&#xE9;xico</subfield>
    <subfield code="z">Veracruz  </subfield>
  </datafield>
  <datafield tag="650" ind1="1" ind2="3">
    <subfield code="a">Litchis</subfield>
    <subfield code="2">atg</subfield>
    <subfield code="x">Packing houses</subfield>
  </datafield>
  <datafield tag="650" ind1="1" ind2="3">
    <subfield code="a">Entrepreneurship</subfield>
    <subfield code="z">Mexico</subfield>
    <subfield code="z">Veracruz</subfield>
    <subfield code="2">atg</subfield>
  </datafield>
  <datafield tag="700" ind1="1" ind2=" ">
    <subfield code="a">Ponce Hern&#xE1;ndez, Pedro</subfield>
    <subfield code="e">director</subfield>
  </datafield>
  <datafield tag="700" ind1="1" ind2=" ">
    <subfield code="a">Mena Nev&#xE1;rez, Gustavo</subfield>
    <subfield code="e">asesor</subfield>
  </datafield>
  <datafield tag="700" ind1="1" ind2=" ">
    <subfield code="a">Szymanski Duque, Rosa Guadalupe</subfield>
    <subfield code="e">asesora</subfield>
  </datafield>
  <datafield tag="856" ind1="4" ind2="1">
    <subfield code="u">http://10.13.5.2/tesis/110434.pdf</subfield>
    <subfield code="y">DESCARGAR PDF</subfield>
  </datafield>
  <datafield tag="901" ind1=" " ind2=" ">
    <subfield code="a">Tesis T67 2010</subfield>
  </datafield>
  <datafield tag="902" ind1=" " ind2=" ">
    <subfield code="a">M</subfield>
  </datafield>
  <datafield tag="905" ind1=" " ind2=" ">
    <subfield code="a">0000002010                          MX A M 0000000000SPA00</subfield>
  </datafield>
  <datafield tag="942" ind1=" " ind2=" ">
    <subfield code="c">TESIS</subfield>
    <subfield code="2">Clasificaci&#xF3;n Universidad Aut&#xF3;noma Chapingo</subfield>
  </datafield>
  <datafield tag="999" ind1=" " ind2=" ">
    <subfield code="c">175308</subfield>
    <subfield code="d">175308</subfield>
  </datafield>
  <datafield tag="952" ind1=" " ind2=" ">
    <subfield code="0">0</subfield>
    <subfield code="1">0</subfield>
    <subfield code="2">local</subfield>
    <subfield code="4">0</subfield>
    <subfield code="5">5</subfield>
    <subfield code="7">0</subfield>
    <subfield code="8">TESIS</subfield>
    <subfield code="a">IA_</subfield>
    <subfield code="b">IA_</subfield>
    <subfield code="d">2022-01-18</subfield>
    <subfield code="e">El autor</subfield>
    <subfield code="l">1</subfield>
    <subfield code="o">Tesis T67 2010</subfield>
    <subfield code="p">1101001057</subfield>
    <subfield code="r">2026-02-02 00:00:00</subfield>
    <subfield code="s">2024-11-13</subfield>
    <subfield code="t">Ej. 2</subfield>
    <subfield code="w">2022-01-18</subfield>
    <subfield code="y">TESIS</subfield>
  </datafield>
  <datafield tag="952" ind1=" " ind2=" ">
    <subfield code="0">0</subfield>
    <subfield code="1">0</subfield>
    <subfield code="2">local</subfield>
    <subfield code="4">0</subfield>
    <subfield code="5">5</subfield>
    <subfield code="7">0</subfield>
    <subfield code="8">TESIS</subfield>
    <subfield code="a">IA_</subfield>
    <subfield code="b">IA_</subfield>
    <subfield code="d">2022-01-18</subfield>
    <subfield code="e">El autor</subfield>
    <subfield code="l">1</subfield>
    <subfield code="o">Tesis T67 2010</subfield>
    <subfield code="p">1101001056</subfield>
    <subfield code="r">2026-02-02 00:00:00</subfield>
    <subfield code="s">2024-11-13</subfield>
    <subfield code="t">Ej. 1</subfield>
    <subfield code="w">2022-01-18</subfield>
    <subfield code="y">TESIS</subfield>
  </datafield>
  <datafield tag="952" ind1=" " ind2=" ">
    <subfield code="0">0</subfield>
    <subfield code="1">0</subfield>
    <subfield code="2">local</subfield>
    <subfield code="4">0</subfield>
    <subfield code="5">1</subfield>
    <subfield code="7">0</subfield>
    <subfield code="8">TESIS</subfield>
    <subfield code="a">IA_</subfield>
    <subfield code="b">IA_</subfield>
    <subfield code="d">2024-11-05</subfield>
    <subfield code="e">El autor</subfield>
    <subfield code="l">0</subfield>
    <subfield code="o">Tesis T67 2010</subfield>
    <subfield code="p">1101013962</subfield>
    <subfield code="r">2024-11-05 11:43:49</subfield>
    <subfield code="t">Ej. 3</subfield>
    <subfield code="w">2024-11-05</subfield>
    <subfield code="y">CD</subfield>
  </datafield>
  <datafield tag="952" ind1=" " ind2=" ">
    <subfield code="0">0</subfield>
    <subfield code="1">0</subfield>
    <subfield code="2">local</subfield>
    <subfield code="4">0</subfield>
    <subfield code="7">0</subfield>
    <subfield code="8">TesDigL</subfield>
    <subfield code="a">IA_</subfield>
    <subfield code="b">IA_</subfield>
    <subfield code="c">E_L</subfield>
    <subfield code="d">2024-11-05</subfield>
    <subfield code="e">El autor</subfield>
    <subfield code="l">0</subfield>
    <subfield code="p">1201001056</subfield>
    <subfield code="r">2024-11-05 11:44:33</subfield>
    <subfield code="w">2024-11-05</subfield>
    <subfield code="y">TD</subfield>
  </datafield>
</record>
